000 00558nam a22001697a 4500
003 OSt
005 20241216090923.0
008 241022b |||||||| |||| 00| 0 eng d
040 _c0
082 _aDPer050 M72 January-March 2018 v. 66 no. 8-10
100 _aLamina, Omar G.
_eauthor.
_963351
245 _aSchool safety a priority! /
_cOmar G. Lamina.
260 _aPhilippines;
_bPublishers Association of the Philippines, Inc.,
_cSeptember 2018.
300 _aVolume 66, pages 134-135.
700 _aLamina, Omar G.
_eauthor.
_963351
942 _2ddc
_cPER
999 _c22827
_d22827